| 000 | 00921nam 22001933 4500 | ||
|---|---|---|---|
| 001 | 200854 | ||
| 021 |
_aPT _b28753/89 |
||
| 090 | _a200854 | ||
| 100 | _a20260302d u||y0pory50 ba | ||
| 200 |
_aO vidro em Portugal _forganização Associação Portuguesa de Arqueologia Industrial ; colaboração Museu Nacional de Arte Antiga, Fundação Calouste Gulbenkian |
||
| 210 |
_a[Lisboa] _cAssociação Portuguesa de Arqueologia Industrial _d1989 |
||
| 215 |
_a75 p. _cil. ; brochado _d21 cm |
||
| 300 | _aCatálogo de exposição realizada no museu Nacional de Arte Antiga de setembro a dezembro de 1989 no âmbito da conferência internacional sobre história, tecnologia e arqueologia industrial do vidro. | ||
| 606 |
_912872 _aDesenho. Design. Artes e Ofícios Aplicados |
||
| 675 |
_a74 _vPT _zpor |
||
| 710 |
_916560 _aAssociação Portuguesa de Arqueologia Industrial |
||
| 801 |
_aPT _bBMMN _gRPC |
||
| 830 | _cVanda | ||
| 990 | _cLIVROS | ||